=LDR 00000nam 2200000 4500 =001 INLIS000000000034812 =005 20130612140714 =008 ***********************************ind** =035 ##$$0010-061300000034812 =041 ##$$a ind =082 ##$$a 813 =090 ##$$a 813, Cla a =100 ##$$a Clarke, Julia =245 ##$$a Antara kau dan aku, Julia clarke;Alih bahasa, Mimi Bonetto =260 ##$$a 2007 $b Jakarta =300 ##$$a 231 Hlm, 20 Cm =650 ##$$a Fiksi Indonesia =700 ##$$a Benetto, Mimi =850 ##$$a NBPNMAT =990 ##$$a 90791/BPAP-NTB/2014 =990 ##$$a 90792/BPAP-NTB/2014 =990 ##$$a 92707/BPAP-NTB/2014 =990 ##$$a 0001/BPAP-NTB/20142015